Statistics for My So-Called Life Quiz

Click here to take the quiz!

General Stats

  • This quiz has been taken 33 times
  • The average score is 10 of 17

Answer Stats

QuestionAnswer% Correct
What is Angela's last name?Chase
96%
Who is mentioned throughout the series, but never seen?Tino
82%
Who writes the letter Jordan gives to Angela to win her back?Brian Krakow
79%
What was Jordan's song "Red" about?His car
79%
What does Rayanne find in Graham and Patty's bedroom in the episode "Weekend"?Handcuffs
71%
Who stays with the Chase family after their father has a heart attack?Sharon Cherski
68%
Who sells Angela a fake ID?Jordan Catalano
64%
Where do Angela and Jordan sneak off to to make out in school?Boiler room
61%
What was the name of Jordan's band? (Before Tino quit)Frozen Embryos
61%
Which band does Graham give Angela and Rayanne tickets to see?Grateful Dead
61%
What does Rayanne dress up as for Halloween?Vampire
50%
How does Jordan take his coffee?Black with 3 or 4 sugars
39%
What color does Angela say she dyed her hair?Crimson Glow
39%
Who has a crush on Ricky?Delia Fisher
39%
What school does Angela attend?Liberty High School
32%
Who does Ricky move in with when he leaves the Chase house?Mr. Katimski
29%
What was the name of the student who died in Angela's school in 1963?Nicky Driscoll
25%

Score Distribution

Percentile by Number Answered

Percent of People with Each Score

Your Score History

You have not taken this quiz